| 000 | 00358nam a2200145Ia 4500 | ||
|---|---|---|---|
| 005 | 20260328104258.0 | ||
| 008 | 260328s9999||||xx |||||||||||||| ||und|| | ||
| 100 | _aHazari, Patrick | ||
| 245 | 0 |
_aDesigning the High line / _cPatrick Hazari |
|
| 250 | _a5a ed. | ||
| 260 | _bFirst published | ||
| 300 | _a160 p. | ||
| 650 | _aESPACIO PUBLICO | ||
| 942 | _cBK | ||
| 999 |
_c10527 _d10527 |
||